Biblioteca

A global view of Christian missions from Pentecost to the present / J. Herbert Kane (Registro nro. 44257)

Detalles MARC
000 -LÍDER
Campo fijo de descripción fija 020030000a22002530004500
001 - NÚMERO DE CONTROL
Campo de control 17598
020 ## - NÚMERO INTERNACIONAL NORMALIZADO PARA LIBROS
Número Internacional Normalizado del libro 0-8010-5308-0
041 0# - CÓDIGO DE IDIOMA
Código de idioma para texto/pista de sonido o título separado
082 04 - NÚMERO DE CLASIFICACIÓN DECIMAL DEWEY
Número de clasificación G 266 K1623g
100 1# - ASIENTO PRINCIPAL--NOMBRE PERSONAL
Nombre personal Kane, J. Herbert.
245 10 - TÍTULO
Título del Material A global view of Christian missions from Pentecost to the present / J. Herbert Kane
250 ## - MENCIÓN DE EDICIÓN
Mención de edición 2a ed. rev.
260 ## - PUBLICACIÓN, DISTRIBUCIÓN, ETC. (PIE DE IMPRENTA)
Lugar de publicación, distribución, etc. Grand Rapids : Baker Book House.
300 ## - DESCRIPCIÓN FÍSICA
Extensión 589 p., más la errata.
336 ## - CONTENT TYPE
Content type term texto
Content type code txt
Source rdacontent
337 ## - MEDIA TYPE
Source rdamedia
Media type term sin mediación
Media type code n
338 ## - CARRIER TYPE
Source rdacarrier
Carrier type term volumen
Carrier type code nc
501 ## - NOTA DE “CON”
Nota de Contenido Hay algunas páginas de suplemento en el fondo que no están encuadernadas con el libro.
500 ## - NOTA GENERAL
Nota General Incluye indice y un folleto adiccional de erratas.
505 00 - NOTA DE CONTENIDO
Nota de contenido con formato preestablecido Christianity in the Roman empire : A.D. 30-500 --Christianization of Europe : A.D. 500-1200 --Encounter with Islam : A.D. 600-1200 --Roman Catholic missions : A.D. 1300-1700 --Origin of Protestant missions in Europe : A.D. 1600-1800 --Origin of Protestant missions in England and USA : A.D. 1750-1850 --Protestant missions in North America : A.D. 1620-1800 --South Asia --Southeast Asia --Far East --Middle East --North Africa --West Africa --Central Africa --East Africa --South Africa -- South America --Central America and Caribbean --Oceania --Europe. \A Través de las Edades : El Cristianismo en el Imperio Romano, Cristianización de Europa, El Encuentro con el Islam, Misiones Católicas, El origén de las misiones Protestantes en Europa, el origén de las misiones Protestantes en Inglaterra y los EEUU, Misiones Protestantes en America del Norte -- Alrededor del Mundo : el Sur de Asia, el Sudeste de Asia, el Extremo Oriente, el Oriente Medio, el Oeste de África, África Central, el este de África, el sur de África, América del Sur, América Central y el Caribe, Oceanía, Europa
650 14 - ASIENTO SECUNDARIO DE MATERIA - TERMINO TEMÁTICO
Término temático o nombre geográfico como elemento de entrada MISIONES - HISTORIA \ HISTORIA DE LAS MISIONES
942 ## - TIPO DE MATERIAL (KOHA)
Tipo de Item KOHA Libros General
Existencias
Estado de Material Estado de Perdido Estado de Dañado No para Préstamo Colección Tomo Biblioteca de Origen Biblioteca Permanente Fecha de Adquisición Total de Préstamos Signatura Topográfica Código de Barras Última vez visto Ejemplar/Existencia Fecha de Remplazo Tipo de Material
        Colección General   Biblioteca FUSBC Biblioteca FUSBC 24/07/2012   G 266 K1623g 17578 12/12/2019 2016-12-02 26/01/2016 Libros General

Biblioteca FUSBC | Teléfono: (57+4) 349 88 10 Ext. 141| WhatsApp (+57) 3005338115 
E-mail: biblioteca@unisbc.edu.co | Calle 76 87-14 Robledo Palenque, Medellín, Colombia

Con tecnología Koha